[Event "Oberliga Sued W 1718"]
[Site "Germany"]
[Date "2018.01.21"]
[Round "7.8"]
[White "Reichert, Viktor"]
[Black "Thomas, Anysia"]
[Result "0-1"]
[WhiteElo "1709"]
[BlackElo "2069"]
[PlyCount "106"]
[EventDate "2017.09.10"]
[EventType "team-tourn"]
[EventRounds "11"]
[EventCountry "GER"]
[SourceTitle "EXT 2019"]
[Source "ChessBase"]
[SourceDate "2018.10.10"]
[SourceVersion "1"]
[SourceVersionDate "2018.10.10"]
[SourceQuality "1"]
[WhiteTeam "Trier"]
[BlackTeam "Saarbruecken SVG"]
[WhiteTeamCountry "GER"]
[BlackTeamCountry "GER"]

1. e4 c6 2. Ne2 g6 3. d4 d5 4. exd5 cxd5 5. g3 Bg7 6. Bg2 Nf6 7. 0-0 0-0 8. c4 Nc6 9. Nbc3 dxc4 10. Bf4 Nh5 11. d5 Nxf4 12. Nxf4 Ne5 13. h3 Bf5 14. Ne4 Bxe4 15. Bxe4 Qb6 16. d6 Qxd6 17. Qxd6 exd6 18. Rfd1 Rfd8 19. Bxb7 Rab8 20. Bd5 Rxb2 21. Rac1 Rxa2 22. Bxc4 Nxc4 23. Rxc4 Be5 24. Nd3 Rb8 25. Nb4 Ra4 26. Nc6 Rxc4 27. Nxb8 a5 28. Rd5 a4 29. Ra5 Bb2 30. Nd7 a3 31. Nb6 Rc2 32. Nd5 Kg7 33. Ra6 Rc5 34. Nb4 d5 35. Kf1 d4 36. Ke2 Rc4 37. Nd3 Rc2+ 38. Kf3 Rd2 39. Ne5 Rc2 40. g4 Bc1 41. Nd3 Bb2 42. g5 Rd2 43. Ne5 d3 44. Nc4 Rd1 45. Nxa3 Ra1 46. Nc4 Rxa6 47. Nxb2 d2 48. Ke2 Rd6 49. Nd1 Kf8 50. Ne3 Ke7 51. Kd1 Ke6 52. Nc4 Rd4 53. Nxd2 Kf5 0-1

[Event "GER-ch Net qual4 U18"]
[Site "Playchess.com INT"]
[Date "2009.06.17"]
[Round "1"]
[White "Kleibel, Uwe"]
[Black "Reichert, Viktor"]
[Result "1-0"]
[WhiteElo "1999"]
[BlackElo "1465"]
[PlyCount "99"]
[EventDate "2009.06.17"]
[EventType "swiss (blitz)"]
[EventRounds "7"]
[EventCountry "GER"]
[SourceTitle "CBM 130 Extra"]
[Source "ChessBase"]
[SourceDate "2009.07.02"]
[SourceVersion "2"]
[SourceVersionDate "2009.07.15"]
[SourceQuality "1"]

1. d4 Nf6 2. c4 g6 3. Nc3 Bg7 4. e4 d6 5. Nf3 0-0 6. Be2 Nbd7 7. 0-0 e5 8. d5 Nh5 9. Bg5 f6 10. Be3 f5 11. Bg5 Bf6 12. Bxf6 Qxf6 13. exf5 Qxf5 14. Qd3 Qxd3 15. Bxd3 Nf4 16. Bc2 Nc5 17. b4 Na6 18. a3 c5 19. b5 Nc7 20. Ne4 Rd8 21. h3 Kf7 22. Nfg5+ Kg7 23. Rae1 Ne8 24. Kh2 Bf5 25. g3 Bxe4 26. Nxe4 Nh5 27. Bd1 Nef6 28. Ng5 Re8 29. Ne6+ Kf7 30. Nc7 Rad8 31. Nxe8 Rxe8 32. a4 e4 33. Bc2 Ng7 34. g4 g5 35. f3 exf3 36. Rxe8 Kxe8 37. Rxf3 Kf7 38. a5 h5 39. b6 a6 40. Kg3 h4+ 41. Kf2 Ke7 42. Bg6 Nfe8 43. Re3+ Kf8 44. Ke2 Nf6 45. Rf3 Ke7 46. Kd3 Nd7 47. Rf7+ Kd8 48. Rxg7 Ne5+ 49. Kc3 Nd7 50. Bf5 1-0

[Event "GER-ch Net qual4 U18"]
[Site "Playchess.com INT"]
[Date "2009.06.17"]
[Round "3"]
[White "Reichert, Viktor"]
[Black "Miller, Eduard"]
[Result "0-1"]
[WhiteElo "1465"]
[BlackElo "1783"]
[PlyCount "74"]
[EventDate "2009.06.17"]
[EventType "swiss (blitz)"]
[EventRounds "7"]
[EventCountry "GER"]
[SourceTitle "CBM 130 Extra"]
[Source "ChessBase"]
[SourceDate "2009.07.02"]
[SourceVersion "2"]
[SourceVersionDate "2009.07.15"]
[SourceQuality "1"]

1. Nf3 d5 2. g3 Nf6 3. d4 Bf5 4. Bg2 Nbd7 5. 0-0 e6 6. Nbd2 c5 7. c3 Bd6 8. Qe1 0-0 9. Nh4 Ne4 10. Nxf5 exf5 11. Nxe4 dxe4 12. dxc5 Nxc5 13. Qd2 Qb6 14. Qd5 g6 15. Rd1 Rfd8 16. Be3 Qc7 17. Rd4 b6 18. Qc4 Be5 19. Rd5 Rxd5 20. Qxd5 Rd8 21. Qc4 Qd7 22. f3 exf3 23. Bxf3 Ne6 24. Bc6 Qd6 25. Ba4 Bxg3 26. Rd1 Bxh2+ 27. Kf1 Qc7 28. Rxd8+ Nxd8 29. Qxc7 Bxc7 30. Bb5 Ne6 31. Kg2 g5 32. Bd3 f4 33. Bf2 h5 34. Kh3 Kg7 35. Be4 g4+ 36. Kh4 Kh6 37. Bf5 Bd8# 0-1

[Event "GER-ch Net qual2 U18"]
[Site "Playchess.com INT"]
[Date "2009.05.13"]
[Round "3"]
[White "Reichert, Viktor"]
[Black "Arnold, Max"]
[Result "0-1"]
[WhiteElo "1465"]
[BlackElo "1930"]
[PlyCount "44"]
[EventDate "2009.05.13"]
[EventType "swiss (blitz)"]
[EventRounds "7"]
[EventCountry "GER"]
[SourceTitle "CBM 130 Extra"]
[Source "ChessBase"]
[SourceDate "2009.07.02"]
[SourceVersion "2"]
[SourceVersionDate "2009.07.15"]
[SourceQuality "1"]

1. Nf3 f5 2. g3 Nf6 3. Bg2 g6 4. d3 Bg7 5. c3 0-0 6. 0-0 d6 7. e4 fxe4 8. dxe4 Nxe4 9. Qd5+ Kh8 10. Qxe4 Nc6 11. Bg5 Bf5 12. Qe2 h6 13. Be3 Qd7 14. Qd2 Kh7 15. Nh4 Bh3 16. Qd3 Ne5 17. Qe4 c6 18. f4 d5 19. Qc2 Bxg2 20. Kxg2 Bf6 21. fxe5 Bxh4 22. gxh4 Qg4+ 0-1

[Event "GER-ch Net qual1 U18"]
[Site "Playchess.com INT"]
[Date "2009.05.10"]
[Round "3"]
[White "Diehlmann, Florian"]
[Black "Reichert, Viktor"]
[Result "1-0"]
[WhiteElo "1589"]
[BlackElo "1465"]
[PlyCount "53"]
[EventDate "2009.05.10"]
[EventType "swiss (blitz)"]
[EventRounds "7"]
[EventCountry "GER"]
[SourceTitle "CBM 130 Extra"]
[Source "ChessBase"]
[SourceDate "2009.07.02"]
[SourceVersion "2"]
[SourceVersionDate "2009.07.15"]
[SourceQuality "1"]

1. d4 Nf6 2. c4 g6 3. Nc3 Bg7 4. e4 0-0 5. f4 d6 6. Nf3 Nbd7 7. Be2 Qe8 8. e5 dxe5 9. fxe5 Ng4 10. 0-0 f5 11. Ng5 h5 12. Ne6 Bh6 13. Bxh6 Nxh6 14. Nxc7 Qf7 15. Nxa8 f4 16. Nc7 e6 17. N7b5 Nf5 18. Nd6 Nxd6 19. exd6 e5 20. dxe5 Nxe5 21. c5 Bd7 22. b4 Ng4 23. Qb3 Ne3 24. Rxf4 Be6 25. Rxf7 Bxb3 26. Rxf8+ Kxf8 27. axb3 1-0

[Event "GER-ch Net qual1 U18"]
[Site "Playchess.com INT"]
[Date "2009.05.10"]
[Round "2"]
[White "Reichert, Viktor"]
[Black "Berger, Felix Julian"]
[Result "0-1"]
[WhiteElo "1465"]
[BlackElo "1751"]
[PlyCount "92"]
[EventDate "2009.05.10"]
[EventType "swiss (blitz)"]
[EventRounds "7"]
[EventCountry "GER"]
[SourceTitle "CBM 130 Extra"]
[Source "ChessBase"]
[SourceDate "2009.07.02"]
[SourceVersion "2"]
[SourceVersionDate "2009.07.15"]
[SourceQuality "1"]

1. Nf3 Nf6 2. g3 g6 3. Bg2 Bg7 4. d3 0-0 5. Nbd2 d5 6. c3 c6 7. 0-0 Nbd7 8. e4 e5 9. Qe1 Re8 10. Nh4 Nb6 11. f4 dxe4 12. dxe4 Qd3 13. Rf3 Qb5 14. f5 Qc5+ 15. Qf2 Qxf2+ 16. Rxf2 Rd8 17. b3 Rd3 18. Bb2 Bd7 19. c4 Ne8 20. Ndf3 gxf5 21. exf5 e4 22. Ne1 Bxb2 23. Rb1 Bd4 24. Nxd3 exd3 25. Rd1 Bxf2+ 26. Kxf2 Ng7 27. Rxd3 Nxf5 28. Bh3 Nxh4 29. Bxd7 Rd8 30. gxh4 Rxd7 31. Rxd7 Nxd7 32. Ke3 Kg7 33. Ke4 Kf6 34. Kf4 a5 35. a3 Nc5 36. b4 axb4 37. axb4 Nd3+ 38. Kg4 Nxb4 39. Kh5 b5 40. Kh6 bxc4 41. Kxh7 c3 42. h5 c2 43. h6 c1Q 44. h4 Nd5 45. h5 Ne7 46. Kh8 Qxh6# 0-1

[Event "GER-ch Net qual1 U18"]
[Site "Playchess.com INT"]
[Date "2009.05.10"]
[Round "7"]
[White "Reichert, Viktor"]
[Black "Ibisch, Christoph"]
[Result "1-0"]
[WhiteElo "1465"]
[BlackElo "1166"]
[PlyCount "119"]
[EventDate "2009.05.10"]
[EventType "swiss (blitz)"]
[EventRounds "7"]
[EventCountry "GER"]
[SourceTitle "CBM 130 Extra"]
[Source "ChessBase"]
[SourceDate "2009.07.02"]
[SourceVersion "2"]
[SourceVersionDate "2009.07.15"]
[SourceQuality "1"]

1. Nf3 d5 2. g3 Nf6 3. Bg2 e6 4. 0-0 c5 5. d3 Nc6 6. Nbd2 Be7 7. c3 b5 8. h3 0-0 9. e4 dxe4 10. dxe4 e5 11. a4 b4 12. Nc4 Qxd1 13. Rxd1 Nxe4 14. Nfxe5 Nxe5 15. Bxe4 Nxc4 16. Bxa8 Bxh3 17. Bd5 Ne5 18. Bf4 Ng6 19. Be3 Bg4 20. f3 Bc8 21. cxb4 cxb4 22. Bxa7 Rd8 23. Bb6 Rd7 24. a5 Ne5 25. Be4 Rxd1+ 26. Rxd1 Ba6 27. Rd5 Bf6 28. f4 Nc4 29. Rh5 h6 30. Bd3 Nxb6 31. Bxa6 Na4 32. b3 Nc3 33. Bd3 Bd8 34. Rc5 Be7 35. a6 Bxc5+ 36. Kg2 Ba7 37. Kf3 Nd5 38. Ke4 Nc7 39. Ke5 Kf8 40. Kd6 Nxa6 41. Bxa6 Bf2 42. g4 g6 43. Kd5 Bg3 44. f5 gxf5 45. gxf5 f6 46. Kc4 Kf7 47. Kxb4 h5 48. Kc5 h4 49. b4 Bf2+ 50. Kd5 h3 51. Bb7 h2 52. Kd6 Bg3+ 53. Kd7 Be1 54. b5 Bb4 55. b6 Ba5 56. Kc7 Bb4 57. Bh1 Ke8 58. b7 Bd6+ 59. Kxd6 Kf7 60. b8Q 1-0

[Event "GER-ch Net qual1 U18"]
[Site "Playchess.com INT"]
[Date "2009.05.10"]
[Round "5"]
[White "Reichert, Viktor"]
[Black "Kather, Yannick"]
[Result "1-0"]
[WhiteElo "1465"]
[BlackElo "1424"]
[PlyCount "60"]
[EventDate "2009.05.10"]
[EventType "swiss (blitz)"]
[EventRounds "7"]
[EventCountry "GER"]
[SourceTitle "CBM 130 Extra"]
[Source "ChessBase"]
[SourceDate "2009.07.02"]
[SourceVersion "2"]
[SourceVersionDate "2009.07.15"]
[SourceQuality "1"]

1. Nf3 Nc6 2. g3 b6 3. Bg2 Bb7 4. d3 g6 5. Nbd2 Bg7 6. 0-0 Nf6 7. c3 0-0 8. e4 Rb8 9. Nh4 e5 10. Qe1 d6 11. f4 exf4 12. gxf4 Nh5 13. f5 Bf6 14. Nhf3 Nf4 15. Qe3 Nxg2 16. Kxg2 Ne7 17. Rg1 Bg7 18. Qg5 d5 19. f6 dxe4 20. dxe4 Bxe4 21. fxe7 Bxf3+ 22. Nxf3 Qd7 23. exf8Q+ Rxf8 24. Bf4 c5 25. Rad1 Qa4 26. Be5 Qc2+ 27. Rd2 Qe4 28. Bxg7 Kxg7 29. Qe5+ Qxe5 30. Nxe5 f6 1-0